LIBRARY & INFORMATION CENTRE, KCAET, TAVANUR

ONLINE PUBLIC ACCESS CATALOGUE (OPAC)

Design, fabrication and testing of a savonius type windmill with a deflector augmentor (Record no. 15341)

MARC details
000 -LEADER
fixed length control field 00433nam a22001457a 4500
082 ## - DEWEY DECIMAL CLASSIFICATION NUMBER
Classification number 631.37
Item number SAT/DE
100 ## - MAIN ENTRY--AUTHOR NAME
Personal name SATYAJITH MATHEW
245 ## - TITLE STATEMENT
Title Design, fabrication and testing of a savonius type windmill with a deflector augmentor
260 ## - PUBLICATION, DISTRIBUTION, ETC. (IMPRINT)
Place of publication Tavanur
Name of publisher Kelappaji College of Agricultural Engineering and Technology
Year of publication 1989
300 ## - PHYSICAL DESCRIPTION
Number of Pages 79
500 ## - GENERAL NOTE
General note thesis
520 ## - SUMMARY, ETC.
Summary, etc thesis
650 ## - SUBJECT ADDED ENTRY--TOPICAL TERM
Topical Term thesis
942 ## - ADDED ENTRY ELEMENTS (KOHA)
Koha item type Theses
Holdings
Withdrawn status Lost status Damaged status Home library Current library Date acquired Full call number Accession Number Koha item type Public note
      KAUAET KAUAET 03/03/2018 631.37 SAT/DE 16519 Theses M.Tech Thesis
free website counter